Rózsaszín nélkül
Elmentve itt :
| Szerző: | |
|---|---|
| Dokumentumtípus: | Cikk |
| Megjelent: |
1989-05-26
|
| Sorozat: | Délmagyarország
79 No. 122 |
| Kulcsszavak: | szállodák |
| Online Access: | http://dmarchiv.bibl.u-szeged.hu/109397 |
| LEADER | 00438nab a2200157 i 4500 | ||
|---|---|---|---|
| 001 | delm109397 | ||
| 005 | 20190923115803.0 | ||
| 008 | 190923s1989 hu o 0|| hun d | ||
| 040 | |a SZTE Délmagyarország Archívum |b hun | ||
| 041 | |a hun | ||
| 100 | 1 | |a Pálfy Katalin | |
| 245 | 1 | 0 | |a Rózsaszín nélkül |h [elektronikus dokumentum] / |c Pálfy Katalin |
| 260 | |c 1989-05-26 | ||
| 300 | |a 5 | ||
| 490 | 0 | |a Délmagyarország |v 79 No. 122 | |
| 695 | |a szállodák | ||